مكتبة جامعة عجلون الوطنية

فهرس بحث المكتبة

Design elements : (Record no. 33705)

MARC details
000 -LEADER
fixed length control field 06077cam a22005657i 4500
001 - CONTROL NUMBER
control field 23463768
003 - CONTROL NUMBER IDENTIFIER
control field JO-AjAnu
005 - DATE AND TIME OF LATEST TRANSACTION
control field 20241020113119.0
008 - FIXED-LENGTH DATA ELEMENTS--GENERAL INFORMATION
fixed length control field 231219t20202020maua e 001 0 eng
010 ## - LIBRARY OF CONGRESS CONTROL NUMBER
LC control number 2023281111
020 ## - INTERNATIONAL STANDARD BOOK NUMBER
International Standard Book Number 9781631598722
Qualifying information pbk
020 ## - INTERNATIONAL STANDARD BOOK NUMBER
International Standard Book Number 1631598724
020 ## - INTERNATIONAL STANDARD BOOK NUMBER
Canceled/invalid ISBN 9781631598739
Qualifying information ebook
035 ## - SYSTEM CONTROL NUMBER
System control number (OCoLC)on1192988222
040 ## - CATALOGING SOURCE
Original cataloging agency AU@
Language of cataloging eng
Description conventions rda
Transcribing agency AU@
Modifying agency OCLCO
-- OCLCF
-- NZAUC
-- K6U
-- CUV
-- IXA
-- OCLCO
-- S1C
-- OCL
-- OCLCO
-- CNGUL
-- DLC
-- JO-AjAnu
042 ## - AUTHENTICATION CODE
Authentication code lccopycat
050 00 - LIBRARY OF CONGRESS CALL NUMBER
Classification number Z246
Item number .S2253 2020
082 04 - DEWEY DECIMAL CLASSIFICATION NUMBER
Classification number 686.22
Edition number 23
100 1# - MAIN ENTRY--PERSONAL NAME
Personal name Samara, Timothy,
Relator term author.
245 10 - TITLE STATEMENT
Title Design elements :
Remainder of title understanding the rules and knowing when to break them : a visual communication manual /
Statement of responsibility, etc. Timothy Samara.
250 ## - EDITION STATEMENT
Edition statement Third edition.
264 #1 - PRODUCTION, PUBLICATION, DISTRIBUTION, MANUFACTURE, AND COPYRIGHT NOTICE
Place of production, publication, distribution, manufacture Beverly, MA :
Name of producer, publisher, distributor, manufacturer Rockport Publishers, an imprint of The Quarto Group,
Date of production, publication, distribution, manufacture, or copyright notice 2020.
264 #4 - PRODUCTION, PUBLICATION, DISTRIBUTION, MANUFACTURE, AND COPYRIGHT NOTICE
Date of production, publication, distribution, manufacture, or copyright notice ©2020
300 ## - PHYSICAL DESCRIPTION
Extent 320 pages :
Other physical details illustrations (chiefly color) ;
Dimensions 26 cm
336 ## - CONTENT TYPE
Content type term text
Content type code txt
Source rdacontent
336 ## - CONTENT TYPE
Content type term still image
Content type code sti
Source rdacontent
337 ## - MEDIA TYPE
Media type term unmediated
Media type code n
Source rdamedia
338 ## - CARRIER TYPE
Carrier type term volume
Carrier type code nc
Source rdacarrier
500 ## - GENERAL NOTE
General note "The ultimate primer on graphic design just got a little more ultimate. Renowned design educator and author Timothy Samara rewrites the book (so to speak) on his bestselling manual that explains the fundamentals of visual communication - the language of shapes, color, type, images, and layout that designers use to convey ideas, persuade audiences, and create compelling experiences in print, digital, and spatial media ... Still the most comprehensive compilation of visual thinking around. Form and space : Understanding the basics of graphic material - dot, line, plane, texture, space, structure, and contrast - and how they underpin successful layouts, as well as create the foundation for meaningful, effective concepts. Color fundamentals : An in-depth look at color's optical qualities, its use in different media, its effect on type, and its impact on emotions and messages. Choosing and using type : One of the most thorough presentations of typography concepts to be found - including letterform structure and optics, combining typeface styles, informational hierarchy, the mechanics of detailed text typesetting, and using type as image. The world of image : An extensive overview of depiction, abstraction, and stylization ; the endless possibilities of medium; and how these all communicate. Putting it all together : Integrating type and image, using grids, seeing design as a system, and exploring approaches to the working process."--Page 4 of cover.
500 ## - GENERAL NOTE
General note Includes index.
505 00 - FORMATTED CONTENTS NOTE
Title What is graphic design? --
-- Twenty rules for making good design --
-- Form and Space. Defining visual language --
-- Attributes of form --
-- Putting stuff into space --
-- Compositional strategies --
-- Color Fundamentals. The identity of color --
-- Chromatic interaction --
-- Color logic and systems --
-- When color means something --
-- Color in the real world --
-- Choosing and Using Type. Structure and optics --
-- Issues related to style --
-- The mechanics of textsetting --
-- Type is visual, too --
-- Type as information --
-- The World of Imagery. The nature of images --
-- Media and methods --
-- Content, concept, context --
-- Narrative massage --
-- Putting It All Together. Merging type and image --
-- Working with grids --
-- Intuitive arrangement --
-- Design as a system --
-- The working process --
-- Causin' some trouble : Breaking every rule in this book --
Miscellaneous information Index (By subject) --
-- Directory of contributors --
-- About the author and acknowledgments.
520 ## - SUMMARY, ETC.
Summary, etc. "A new and updated 3rd Edition of Rockport's best-selling Design Elements, a visually rich and accessible handbook that presents the fundamentals of design in lists, tips, brief text, and examples. With new images and diagrams, the book covers everything from working with grids, color application, typography, and imagery to how to finally put it all together. Features include : the ultimate primer on graphic design's basic visual toolkit - dot, line, plane, texture, space and contrast - and how these basics underpin all successful layouts ; an in-depth look at color - from its optical qualities and its effect on type to its potential for communication concepts and emotions ; one of the most thorough compilations of typography concepts to be found - including information on letterform structure and optics, combining typeface styles, the mechanics of detailed text typesetting, and using type as image ; an extensive overview of imagery - the endless possibilities of medium, depiction, abstraction, stylization, and how these all communicate effectively ; methods for integrating type and image, including a tutorial on using grid systems to structure layouts ; and, twenty rules for making good design - and the best ways to break them. Being a creative designer is often about coming up with unique design solutions. But when the basic rules of design are ignored in an effort to be distinctive, design becomes useless. In language, a departure from the rules is only appreciated as great literature if recognition of the rules underlies the text. Graphic design is a "visual language," and brilliance is recognized in designers whose work seems to break all the rules, yet communicates its messages clearly."--From publisher's web site.
650 #0 - SUBJECT ADDED ENTRY--TOPICAL TERM
Topical term or geographic name entry element Graphic design (Typography)
650 #0 - SUBJECT ADDED ENTRY--TOPICAL TERM
Topical term or geographic name entry element Graphic arts.
650 #0 - SUBJECT ADDED ENTRY--TOPICAL TERM
Topical term or geographic name entry element Layout (Printing)
650 #0 - SUBJECT ADDED ENTRY--TOPICAL TERM
Topical term or geographic name entry element Visual communication.
650 #6 - SUBJECT ADDED ENTRY--TOPICAL TERM
Topical term or geographic name entry element Arts graphiques.
650 #6 - SUBJECT ADDED ENTRY--TOPICAL TERM
Topical term or geographic name entry element Maquettes (Industries graphiques)
650 #6 - SUBJECT ADDED ENTRY--TOPICAL TERM
Topical term or geographic name entry element Communication visuelle.
650 #7 - SUBJECT ADDED ENTRY--TOPICAL TERM
Topical term or geographic name entry element Graphic design (Typography)
Source of heading or term cct
650 #7 - SUBJECT ADDED ENTRY--TOPICAL TERM
Topical term or geographic name entry element Layout (Printing)
Source of heading or term cct
650 #7 - SUBJECT ADDED ENTRY--TOPICAL TERM
Topical term or geographic name entry element Arts graphiques.
Source of heading or term cct
650 #7 - SUBJECT ADDED ENTRY--TOPICAL TERM
Topical term or geographic name entry element Graphic arts
Source of heading or term fast
650 #7 - SUBJECT ADDED ENTRY--TOPICAL TERM
Topical term or geographic name entry element Graphic design (Typography)
Source of heading or term fast
650 #7 - SUBJECT ADDED ENTRY--TOPICAL TERM
Topical term or geographic name entry element Layout (Printing)
Source of heading or term fast
650 #7 - SUBJECT ADDED ENTRY--TOPICAL TERM
Topical term or geographic name entry element Visual communication
Source of heading or term fast
906 ## - LOCAL DATA ELEMENT F, LDF (RLIN)
a 7
b cbc
c copycat
d 2
e ncip
f 20
g y-gencatlg
942 ## - ADDED ENTRY ELEMENTS (KOHA)
Source of classification or shelving scheme Library of Congress Classification
Koha item type Books
Suppress in OPAC No
Holdings
Withdrawn status Lost status Source of classification or shelving scheme Damaged status Not for loan Home library Current library Date acquired Total Checkouts Full call number Barcode Date last seen Price effective from Koha item type
    Library of Congress Classification     مكتبة جامعة عجلون الوطنية مكتبة جامعة عجلون الوطنية 15/10/2024   Z246.S2253 2020 e3903 15/10/2024 15/10/2024 Books